| 000 | 00354nam a22001337a 4500 | ||
|---|---|---|---|
| 040 | _cNUST | ||
| 082 |
_a620.104 _bHIB |
||
| 100 | _aHibbeler, R.C. | ||
| 245 |
_aEngineering Mechanics Dynamics / _cR. C. Hibbeler |
||
| 250 | _a14th Ed. | ||
| 260 |
_aLondon : _bPerson Education , _c2016. |
||
| 300 |
_axxiii,760p. ; _bHardBinding _c25cm. |
||
| 942 |
_2ddc _cBK |
||
| 999 |
_c611257 _d611257 |
||